[Event "TCh-ISR 2019"]
[Site "Israel ISR"]
[Date "2019.04.05"]
[Round "11.3"]
[Board "6"]
[White "Liss, Eran"]
[Black "Nor, Igor"]
[Result "0-1"]
[WhiteTitle "GM"]
[WhiteElo "2431"]
[BlackElo "2251"]
[WhiteTeam "Feldklain Rishon leTsion"]
[BlackTeam "haPoel Kfar Saba Bet"]
[WhiteFideId "2800721"]
[BlackFideId "2803070"]
[EventDate "2019.01.04"]

1. e4 c5 2. Nf3 d6 3. d4 cxd4 4. Nxd4 Nf6 5. Nc3 Nc6 6. f3 e5 7. Nb3 a5 8. Be3
a4 9. Nd2 a3 10. Nc4 axb2 11. Rb1 Be7 12. Rxb2 O-O 13. Qd2 Be6 14. Nd5 Bxd5 15.
exd5 Nd4 16. c3 b5 17. cxd4 bxc4 18. Bxc4 Rc8 19. Ba6 Rb8 20. Rxb8 Qxb8 21. dxe5
dxe5 22. O-O Rd8 23. Bc4 Bb4 24. Qd3 Qd6 25. Rd1 e4 26. Qf1 h6 27. Qf2 Rc8 28.
Bb3 Rc3 29. Bd4 Bc5 30. Qd2 Rd3 31. Bxc5 Qxc5+ 32. Qf2 e3 33. Qe2 Rxd1+ 34. Bxd1
Nxd5 35. Kf1 Nf4 36. Qb2 Ne6 37. Qc2 Qe5 38. Qe4 0-1

[Event "TCh-ISR 2019"]
[Site "Israel ISR"]
[Date "2019.04.05"]
[Round "11.4"]
[Board "1"]
[White "Sivuk, Vitaly"]
[Black "Bakalchuk, Johnatan"]
[Result "1-0"]
[WhiteTitle "GM"]
[BlackTitle "IM"]
[WhiteElo "2552"]
[BlackElo "2456"]
[WhiteTeam "haPoel Petah Tiqwa Alef"]
[BlackTeam "Hertslia"]
[WhiteFideId "14116502"]
[BlackFideId "2810301"]
[EventDate "2019.01.04"]

1. e4 c5 2. Nf3 g6 3. c3 d5 4. e5 Nc6 5. d4 Bg4 6. dxc5 Bg7 7. Bb5 Qa5 8. a4 a6
9. Bxc6+ bxc6 10. O-O Bxe5 11. Re1 Bg7 12. b4 Qc7 13. h3 Bxf3 14. Qxf3 e5 15. c4
Ne7 16. cxd5 cxd5 17. Nc3 Rd8 18. Bg5 f6 19. Bd2 f5 20. Qd3 Qc8 21. Bg5 e4 22.
Qd2 Qc6 23. Rac1 d4 24. b5 Qe6 25. Nxe4 fxe4 26. Rxe4 Qxe4 27. Re1 Qf5 28. Rxe7+
Kf8 29. c6 h6 30. c7 Re8 31. Qb4 Rxe7 32. Bxe7+ Kf7 33. b6 Be5 34. Bd8 Re8 35.
Qc4+ Kg7 36. c8=Q Bh2+ 37. Kxh2 Qf4+ 38. Kg1 Re1+ 39. Qf1 Rxf1+ 40. Kxf1 1-0

[Event "TCh-ISR 2019"]
[Site "Israel ISR"]
[Date "2019.04.05"]
[Round "11.4"]
[Board "2"]
[White "Zoler, Dan"]
[Black "Rechlis, Gad"]
[Result "1-0"]
[WhiteTitle "GM"]
[BlackTitle "GM"]
[WhiteElo "2503"]
[BlackElo "2526"]
[WhiteTeam "Hertslia"]
[BlackTeam "haPoel Petah Tiqwa Alef"]
[WhiteFideId "2800705"]
[BlackFideId "2800047"]
[EventDate "2019.01.04"]

1. d4 Nf6 2. c4 e6 3. Nf3 c5 4. d5 exd5 5. cxd5 d6 6. e4 g6 7. h3 Bg7 8. Bd3 O-O
9. O-O c4 10. Bc2 Na6 11. Na3 Re8 12. Re1 Nc5 13. Bg5 h6 14. Be3 c3 15. Bxc5
cxb2 16. Rb1 dxc5 17. Nc4 b5 18. Nce5 Nd7 19. Nc6 Qc7 20. e5 Nf8 21. Be4 Bb7 22.
d6 Qd7 23. Ne7+ Kh7 24. Bxb7 Qxb7 25. h4 Ne6 26. Rxb2 c4 27. Qb1 a6 28. a4 Rxe7
29. dxe7 c3 30. Rc2 b4 31. Rxc3 Qxe7 32. Rc4 a5 33. h5 Qe8 34. hxg6+ fxg6 35.
Nd4 Nxd4 36. Rxd4 Qxa4 37. Rd6 Qe8 38. e6 a4 39. Rd7 a3 40. Qa2 Kh8 41. Rb7 Bc3
42. Rd1 Qc6 43. Rbd7 Re8 44. Rd8 Bf6 45. Rxe8+ Qxe8 46. Rd7 Qc8 47. Qd2 g5 48.
Qd3 Qg8 49. Qc4 h5 50. Rc7 Qg6 51. e7 Qb1+ 52. Kh2 Qe1 53. Rc8+ Kg7 54. e8=N+
Kg6 55. Nxf6 Qe5+ 56. g3 1-0

[Event "TCh-ISR 2019"]
[Site "Israel ISR"]
[Date "2019.04.05"]
[Round "11.4"]
[Board "3"]
[White "Steinberg, Nitzan"]
[Black "Zifroni, Dov"]
[Result "1-0"]
[WhiteTitle "GM"]
[BlackTitle "GM"]
[WhiteElo "2530"]
[BlackElo "2442"]
[WhiteTeam "haPoel Petah Tiqwa Alef"]
[BlackTeam "Hertslia"]
[WhiteFideId "2801795"]
[BlackFideId "2800659"]
[EventDate "2019.01.04"]

1. e4 e5 2. Nf3 Nc6 3. Bb5 Nf6 4. O-O Nxe4 5. Re1 Nd6 6. Nxe5 Be7 7. Bf1 Nxe5 8.
Rxe5 O-O 9. Nc3 Bf6 10. Re1 Re8 11. Nd5 Rxe1 12. Qxe1 b6 13. g3 Bb7 14. Bg2 Bxd5
15. Bxd5 c6 16. Bf3 Nc4 17. Rb1 Qe8 18. Qd1 Qe6 19. b3 Ne5 20. Bg2 Ng6 21. d4
Re8 22. Be3 Ne7 23. Qd3 Nd5 24. Bd2 Qd6 25. c3 b5 26. Rd1 a5 27. Bf3 h6 28. h4
b4 29. c4 Nc3 30. Bxc3 bxc3 31. Qxc3 Qb4 32. Qd3 Re1+ 33. Rxe1 Qxe1+ 34. Kg2 Kf8
35. Bg4 d6 36. Bf3 Qa1 37. Qf5 Qxd4 38. Qc8+ Ke7 39. Bxc6 Be5 40. Qd7+ 1-0

[Event "TCh-ISR 2019"]
[Site "Israel ISR"]
[Date "2019.04.05"]
[Round "11.4"]
[Board "4"]
[White "Caspi, Israel"]
[Black "Manor, Ilan"]
[Result "1-0"]
[WhiteTitle "IM"]
[BlackTitle "GM"]
[WhiteElo "2455"]
[BlackElo "2472"]
[WhiteTeam "Hertslia"]
[BlackTeam "haPoel Petah Tiqwa Alef"]
[WhiteFideId "2807394"]
[BlackFideId "2800110"]
[EventDate "2019.01.04"]

1. e4 c5 2. Nf3 e6 3. d4 cxd4 4. Nxd4 Nc6 5. Nc3 Qc7 6. Be3 a6 7. Qd2 Nf6 8.
O-O-O Bb4 9. f3 Ne5 10. Nb3 O-O 11. Bd4 Nc6 12. Bxf6 gxf6 13. Qh6 Be7 14. f4 Kh8
15. Rd3 Rg8 16. Rh3 Rg7 17. Bd3 Nb4 18. Rd1 Qd8 19. Be2 Qg8 20. g4 b5 21. Kb1 d6
22. Qh4 Qd8 23. Qe1 Nc6 24. Bf3 Qb6 25. Rh5 Qc7 26. Rd3 b4 27. Nd1 a5 28. Be2 a4
29. Rdh3 f5 30. g5 Bxg5 31. fxg5 axb3 32. cxb3 Nd4 33. Bc4 Bb7 34. exf5 exf5 35.
Bd3 Bf3 36. R5h4 Bg4 37. Rxg4 fxg4 38. Qe4 gxh3 39. Qxa8+ Rg8 40. Qe4 Rg7 41.
Qxd4 Qc5 42. Qg4 Rxg5 43. Qxh3 Rh5 44. Qf3 Kg8 45. Ne3 Re5 46. Bc4 Re7 47. Nf5
Qg1+ 48. Kc2 Ra7 49. Qe2 Kf8 50. Qd2 Rd7 51. h4 Qg6 52. Qd5 Qf6 53. a4 1-0

[Event "TCh-ISR 2019"]
[Site "Israel ISR"]
[Date "2019.04.05"]
[Round "11.4"]
[Board "5"]
[White "Botvinnik, Mikhail"]
[Black "Haimovich, Tal"]
[Result "1/2-1/2"]
[BlackTitle "IM"]
[WhiteElo "2379"]
[BlackElo "2408"]
[WhiteTeam "haPoel Petah Tiqwa Alef"]
[BlackTeam "Hertslia"]
[WhiteFideId "2805650"]
[BlackFideId "2801698"]
[EventDate "2019.01.04"]

1. c4 Nf6 2. Nc3 d6 3. g3 e5 4. Bg2 Nbd7 5. Nf3 c6 6. O-O Be7 7. e4 O-O 8. d4
Re8 9. d5 Nc5 10. Nh4 Qb6 11. Rb1 Qb4 12. Qe2 cxd5 13. cxd5 Bg4 14. f3 Bd7 15.
Nf5 Bxf5 16. exf5 Na4 17. Nxa4 Qxa4 18. b3 Qa5 19. b4 Qa4 20. Rd1 Rac8 21. Rb2
Nxd5 22. Rxd5 Rxc1+ 23. Bf1 Qc6 24. Rbd2 Rc8 25. Kg2 Qc3 26. h4 Qxb4 27. Qb5
Qxb5 28. Bxb5 h5 29. Ba4 a6 30. Bb3 Kf8 31. R5d3 R8c3 32. Rxc3 Rxc3 33. Rc2
Rxc2+ 34. Bxc2 d5 35. Bb3 d4 36. Kf2 b5 37. Ke2 a5 38. Kd3 Bb4 39. Ke4 Be1 40.
f4 Bxg3 41. fxe5 Bxh4 42. Kxd4 Be7 43. Kd5 h4 44. Kc6 b4 45. Kb5 Bd8 46. f6 gxf6
47. exf6 h3 48. Bd5 h2 49. Bg2 Bc7 50. Bc6 Kg8 51. Be4 Bd8 52. Ka4 Bxf6 53. Kxa5
Be7 54. Kb5 Kg7 55. Kc4 f5 56. Bh1 Kf6 57. Kd3 Kg5 58. Ke3 Kg4 59. Bf3+ Kg3 60.
Bh1 Bc5+ 61. Ke2 Kf4 62. Bg2 Bd4 63. Bh1 Bg1 64. Bg2 Ke5 65. Kd3 Kd6 66. Kc4 Ke5
67. Kd3 Bf2 68. Bh1 1/2-1/2

[Event "TCh-ISR 2019"]
[Site "Israel ISR"]
[Date "2019.04.05"]
[Round "11.5"]
[Board "1"]
[White "Moiseenko, Alexander"]
[Black "Flom, Gabriel"]
[Result "1-0"]
[WhiteTitle "GM"]
[BlackTitle "IM"]
[WhiteElo "2640"]
[BlackElo "2467"]
[WhiteTeam "Ashdod Elit"]
[BlackTeam "Elitsur Dov Petah Tiqwa"]
[WhiteFideId "14102560"]
[BlackFideId "621650"]
[EventDate "2019.01.04"]

1. d4 d5 2. c4 c6 3. Nf3 Nf6 4. Qb3 dxc4 5. Qxc4 Bf5 6. g3 e6 7. Bg2 Be7 8. O-O
O-O 9. e3 Ne4 10. Nfd2 Nxd2 11. Nxd2 Bg6 12. b4 b5 13. Qc3 a5 14. bxa5 Qxa5 15.
Qxa5 Rxa5 16. Nb3 Ra4 17. Bb2 Bd3 18. Rfc1 Bc4 19. Bf3 Ra6 20. Bd1 Nd7 21. a4
Rfa8 22. Nd2 Nb6 23. Ba3 Bf6 24. Bb4 Bd3 25. Rxc6 Nxa4 26. Rxa6 Rxa6 27. Rc1 Nb6
28. Bc2 Be2 29. f3 h5 30. Kf2 Bc4 31. Nxc4 bxc4 32. Be4 g5 33. Bc5 Ra2+ 34. Rc2
Rxc2+ 35. Bxc2 Bd8 36. Ke2 f5 37. e4 fxe4 38. fxe4 Nd7 39. Bb4 Nf6 40. Kd2 Kf7
41. Kc3 Be7 42. Ba5 e5 43. d5 Bc5 44. Kxc4 Bg1 45. h4 gxh4 46. gxh4 Bf2 47. Bc7
Ng4 48. Kb5 Bxh4 49. Kc6 Bf6 50. Bd1 Kg6 51. d6 Ne3 52. Bf3 Kg5 53. d7 Kf4 54.
Bxh5 Kxe4 55. Bg6+ Kf4 56. Kd6 Kg5 57. Be4 Kf4 58. Ke6 Ng4 59. Bf5 Bh4 60. Bxg4
Kxg4 61. Bxe5 Bd8 62. Bd6 Kf3 63. Be7 Ba5 64. Kd5 Kg4 65. Bb4 Bd8 66. Kc6 Kf5
67. Kb7 Ke6 68. Kc8 Bf6 69. Ba5 Be7 70. Bd8 Bb4 71. Bh4 Ba5 72. Bg3 Kd5 1-0

[Event "TCh-ISR 2019"]
[Site "Israel ISR"]
[Date "2019.04.05"]
[Round "11.5"]
[Board "3"]
[White "Smirin, Ilia"]
[Black "Kantarji, Pinchas"]
[Result "1/2-1/2"]
[WhiteTitle "GM"]
[BlackTitle "IM"]
[WhiteElo "2610"]
[BlackElo "2445"]
[WhiteTeam "Ashdod Elit"]
[BlackTeam "Elitsur Dov Petah Tiqwa"]
[WhiteFideId "2801990"]
[BlackFideId "2803712"]
[EventDate "2019.01.04"]

1. e4 e5 2. Nf3 Nc6 3. Bb5 a6 4. Ba4 Nf6 5. O-O Be7 6. Re1 b5 7. Bb3 d6 8. c3
O-O 9. h3 Na5 10. Bc2 c5 11. d4 Qc7 12. Nbd2 Nc6 13. d5 Nd8 14. a4 Rb8 15. axb5
axb5 16. b4 Nb7 17. Nf1 Bd7 18. Ng3 Ra8 19. Rb1 Rfc8 20. Bd3 g6 21. Nh2 Ra2 22.
f4 Qb6 23. Kh1 cxb4 24. Be3 Qa6 25. cxb4 Qa3 26. Rb3 Qa4 27. Nf3 exf4 28. Bxf4
Ne8 29. e5 Na5 30. bxa5 Qxf4 31. Ne2 Qh6 32. Bxb5 Bxb5 33. Rxb5 dxe5 34. Nxe5
Bd6 35. Nc6 Rd2 36. Qa1 Qg5 37. Qc3 Nc7 38. Rb7 Nxd5 39. Qf3 Nf6 40. a6 Rxe2 41.
Qxe2 Rxc6 42. a7 Qg3 43. a8=Q+ Kg7 44. Rxf7+ Kxf7 45. Qa7+ Rc7 46. Qg1 Kg7 47.
Qb2 Rc3 48. Re6 Be5 49. Qe2 Bf4 50. Qb2 Be5 51. Qd2 Ne4 52. Re7+ Kf6 53. Qb6+
Bd6 54. Qdd4+ Kg5 55. Qa5+ Rc5 56. Qaxc5+ Nxc5 57. h4+ Qxh4+ 58. Qxh4+ Kxh4 59.
Rxh7+ Kg5 60. Ra7 Ne4 61. Ra4 Kf5 62. Kg1 g5 63. Kf1 Bc5 64. Ra8 Ng3+ 65. Ke1
Be3 66. Rf8+ Kg4 67. Re8 Bg1 68. Rf8 Bd4 69. Rf3 Nf5 70. Kf1 Ne3+ 71. Kg1 Nc4+
72. Kh1 Be3 73. Rh3 Bf4 74. Rf3 Ne3 75. Rf2 Nf5 76. Rf3 Nh4 77. Rb3 Nf5 78. Kg1
Ne3 1/2-1/2

[Event "TCh-ISR 2019"]
[Site "Israel ISR"]
[Date "2019.04.05"]
[Round "11.5"]
[Board "6"]
[White "Arlinsky, Uriel"]
[Black "Kantsler, Boris"]
[Result "0-1"]
[WhiteTitle "FM"]
[BlackTitle "GM"]
[WhiteElo "2336"]
[BlackElo "2398"]
[WhiteTeam "Elitsur Dov Petah Tiqwa"]
[BlackTeam "Ashdod Elit"]
[WhiteFideId "2809575"]
[BlackFideId "2805359"]
[EventDate "2019.01.04"]

1. g3 g6 2. Bg2 Bg7 3. Nc3 Nf6 4. e4 d6 5. d3 e5 6. Nge2 Nc6 7. h3 Be6 8. g4 h5
9. g5 Nh7 10. h4 f6 11. Nd5 fxg5 12. hxg5 O-O 13. Ng3 Bg4 14. f3 Be6 15. c3 Ne7
16. Nf6+ Nxf6 17. gxf6 Bxf6 18. Bh6 Rf7 19. Qd2 Rh7 20. O-O-O h4 21. Ne2 Nc6 22.
Be3 h3 23. Bf1 Qd7 24. d4 Bxa2 25. Qc2 Na5 26. b4 Bb3 27. Qb1 Qa4 28. bxa5 Bxd1
29. Kd2 Bxe2 30. Kxe2 exd4 31. cxd4 Bxd4 32. Qxb7 Qa2+ 33. Kd3 Qa3+ 0-1

[Event "TCh-ISR 2019"]
[Site "Israel ISR"]
[Date "2019.04.05"]
[Round "11.6"]
[Board "1"]
[White "Postny, Evgeny"]
[Black "Poleg, Dan"]
[Result "0-1"]
[WhiteTitle "GM"]
[BlackTitle "FM"]
[WhiteElo "2623"]
[BlackElo "2276"]
[WhiteTeam "Beer Sheva Alef in name of Eliyahu Levant"]
[BlackTeam "Elitsur Ironi Netanya named Itshak Shlakman"]
[WhiteFideId "2804344"]
[BlackFideId "2812398"]
[EventDate "2019.01.04"]

1. d4 d5 2. c4 dxc4 3. e4 Nf6 4. e5 Nd5 5. Bxc4 Nb6 6. Bb3 Nc6 7. Ne2 Bf5 8.
Nbc3 e6 9. O-O Be7 10. a3 Qd7 11. Be3 Na5 12. Ba2 Nac4 13. Qc1 O-O 14. Bf4 c5
15. Rd1 cxd4 16. Nxd4 Bg4 17. Rd3 Rfd8 18. Bb1 Qe8 19. Qc2 Bh5 20. Nxe6 Rxd3 21.
Nc7 Qc6 22. Nxa8 Nxb2 23. Bd2 N6c4 24. Be1 Bg6 25. Qb3 Rd8 26. Bxg6 hxg6 27. Rb1
Rxa8 28. Rxb2 Nxb2 29. Qxb2 Rd8 30. h3 Bc5 31. Qe2 Bxa3 32. Ne4 Qd5 33. Ng5 Qd1
34. Qe4 Rd4 0-1

[Event "TCh-ISR 2019"]
[Site "Israel ISR"]
[Date "2019.04.05"]
[Round "11.6"]
[Board "2"]
[White "Tifferet, Shaked"]
[Black "Rodshtein, Maxim"]
[Result "0-1"]
[WhiteTitle "FM"]
[BlackTitle "GM"]
[WhiteElo "2243"]
[BlackElo "2668"]
[WhiteTeam "Elitsur Ironi Netanya named Itshak Shlakman"]
[BlackTeam "Beer Sheva Alef in name of Eliyahu Levant"]
[WhiteFideId "2811529"]
[BlackFideId "2806851"]
[EventDate "2019.01.04"]

1. e4 c5 2. Nf3 d6 3. d4 Nf6 4. Nc3 cxd4 5. Nxd4 a6 6. Nb3 Nc6 7. Be3 e6 8. g4
b5 9. Bg2 Ne5 10. g5 Nfd7 11. O-O Bb7 12. Kh1 h6 13. Qh5 Rc8 14. Nd4 g6 15. Qh3
Nc4 16. f4 Bg7 17. f5 hxg5 18. Qg3 Be5 19. fxe6 Nc5 20. Qf3 f5 21. Nxf5 gxf5 22.
Bxc5 Rxc5 23. Nd5 Rxd5 24. exd5 Rxh2+ 25. Kg1 Qb6+ 26. Rf2 Qd4 27. Re1 Bf4 28.
b3 Ne5 29. Qd1 Qxd1 30. Rxd1 Ng4 31. Rxf4 gxf4 32. Rd4 f3 33. Bxf3 Rxc2 34. a4
Ne5 35. Bg2 Ng6 36. axb5 axb5 37. b4 Rc4 38. Rd3 Nf4 39. Rf3 Nxg2 40. Rxf5 Ne3 0-1

[Event "TCh-ISR 2019"]
[Site "Israel ISR"]
[Date "2019.04.05"]
[Round "11.6"]
[Board "3"]
[White "Roiz, Michael"]
[Black "Poleg, Matan"]
[Result "1-0"]
[WhiteTitle "GM"]
[WhiteElo "2605"]
[BlackElo "2205"]
[WhiteTeam "Beer Sheva Alef in name of Eliyahu Levant"]
[BlackTeam "Elitsur Ironi Netanya named Itshak Shlakman"]
[WhiteFideId "2804158"]
[BlackFideId "2811472"]
[EventDate "2019.01.04"]

1. d4 Nf6 2. Nf3 e6 3. c4 b6 4. g3 Bb4+ 5. Bd2 a5 6. Bg2 O-O 7. O-O Ba6 8. Ne5
Ra7 9. b3 d6 10. Nd3 Bxd2 11. Qxd2 c5 12. dxc5 bxc5 13. Nc3 Qb6 14. Rad1 Nc6 15.
Nb2 Rd7 16. Nba4 Qc7 17. Nb5 Bxb5 18. cxb5 Nd4 19. b6 Qc8 20. Rfe1 Nc6 21. Rc1
Rfd8 22. Red1 h6 23. Qc3 Nb4 24. Rd2 Qa6 25. Qc4 Qc8 26. Qb5 Nfd5 27. e4 Ne7 28.
e5 Nf5 29. exd6 Rxd6 30. Rxd6 Rxd6 31. b7 Qb8 32. Qxc5 1-0

[Event "TCh-ISR 2019"]
[Site "Israel ISR"]
[Date "2019.04.05"]
[Round "11.6"]
[Board "4"]
[White "Kudischewitsch, David"]
[Black "Mikhalevski, Victor"]
[Result "1/2-1/2"]
[WhiteTitle "IM"]
[BlackTitle "GM"]
[WhiteElo "2348"]
[BlackElo "2581"]
[WhiteTeam "Elitsur Ironi Netanya named Itshak Shlakman"]
[BlackTeam "Beer Sheva Alef in name of Eliyahu Levant"]
[WhiteFideId "4111893"]
[BlackFideId "2801914"]
[EventDate "2019.01.04"]

1. d4 Nf6 2. c4 e6 3. Nc3 c5 4. d5 exd5 5. cxd5 d6 6. h3 g6 7. Qd3 Qe7 8. Qe3
Qxe3 9. Bxe3 Na6 10. Bf4 Nb4 11. O-O-O Bf5 12. e4 Bd7 1/2-1/2

[Event "TCh-ISR 2019"]
[Site "Israel ISR"]
[Date "2019.04.05"]
[Round "11.6"]
[Board "5"]
[White "Huzman, Alexander"]
[Black "Vaissenberg, Pinhas"]
[Result "1-0"]
[WhiteTitle "GM"]
[WhiteElo "2580"]
[BlackElo "2224"]
[WhiteTeam "Beer Sheva Alef in name of Eliyahu Levant"]
[BlackTeam "Elitsur Ironi Netanya named Itshak Shlakman"]
[WhiteFideId "2803828"]
[BlackFideId "2807505"]
[EventDate "2019.01.04"]

1. Nf3 Nf6 2. c4 e6 3. g3 d5 4. Bg2 Be7 5. d4 O-O 6. Qc2 c6 7. O-O b6 8. Nbd2
Bb7 9. b3 Nbd7 10. Bb2 Rc8 11. e4 dxe4 12. Nxe4 Nxe4 13. Qxe4 Qc7 14. Qe2 Bf6
15. Rad1 Rfd8 16. Nd2 c5 17. Bxb7 Qxb7 18. Ne4 Qc7 19. dxc5 Bxb2 20. cxb6 Qe5
21. f4 Qf5 22. g4 Qg6 23. Nd6 Rc6 24. Nb7 Rb8 25. Nd6 Rd8 1-0

[Event "TCh-ISR 2019"]
[Site "Israel ISR"]
[Date "2019.04.05"]
[Round "11.6"]
[Board "6"]
[White "Lurie, Michael"]
[Black "Greenfeld, Alon"]
[Result "1-0"]
[BlackTitle "GM"]
[WhiteElo "2331"]
[BlackElo "2525"]
[WhiteTeam "Elitsur Ironi Netanya named Itshak Shlakman"]
[BlackTeam "Beer Sheva Alef in name of Eliyahu Levant"]
[WhiteFideId "2803844"]
[BlackFideId "2800039"]
[EventDate "2019.01.04"]

1. Nf3 g6 2. e4 c5 3. Bc4 Bg7 4. c3 d5 5. exd5 Nf6 6. d4 Nbd7 7. dxc5 Nxc5 8.
O-O O-O 9. Bf4 b6 10. Ne5 Bb7 11. Nc6 Qd7 12. Re1 Bxc6 13. dxc6 Qxc6 14. Na3 a6
15. Rxe7 Rad8 16. Qf3 Qxf3 17. gxf3 b5 18. Be3 Na4 19. Bb3 Nd5 20. Bxd5 Rxd5 21.
Rb1 Ra8 22. Nc2 a5 23. Rb7 h5 24. a3 Rdd8 25. Nd4 Rdb8 26. Rxb8+ Rxb8 27. Nc6
Ra8 28. f4 Ra6 29. Nd4 b4 30. axb4 axb4 31. cxb4 Rd6 32. Nb5 Rd5 33. Nc3 Bxc3
34. bxc3 Nxc3 35. Ra1 Kg7 36. Kg2 Kf6 37. Ra5 Nb5 38. Bc5 Nc7 39. Ra7 Ne6 40.
Be3 Rb5 41. Bd2 Rb6 42. Bc3+ Kf5 43. Rxf7+ Ke4 44. Bd2 Kd3 45. Rd7+ Ke2 46. Be3
Rxb4 47. Rd2+ Ke1 48. Rd6 1-0